Sports Quiz

Random Sports Quiz

UK and Irish minnows in UEFA competition Quiz Stats

 Plays Quiz not verified by Sporcle

Score 0/18 Timer 05:00
0 Plays Today
Country Club % Correct
WalesCardiff City
76.9%
WalesSwansea City
72.4%
Northern IrelandGlentoran
62.8%
Northern IrelandLinfield
62.8%
IrelandBohemians
56.4%
WalesWrexham
55.8%
IrelandShamrock Rovers
53.2%
WalesBangor City
51.3%
WalesNewport County
44.2%
Country Club % Correct
IrelandShelbourne
42.9%
IrelandDundalk
37.2%
IrelandWaterford United
22.4%
IrelandAthlone Town
10.9%
IrelandDrumcondra
10.9%
IrelandCork Celtic
8.3%
IrelandCork Hibernians
7.7%
Northern IrelandCarrick Rangers
7.7%
WalesBorough United
6.4%

You're not logged in!

Compare scores with friends on all Sporcle quizzes.
OR
Log In

Show Comments

Extras

Top Quizzes Today


Score Distribution

Your Account Isn't Verified!

In order to create a playlist on Sporcle, you need to verify the email address you used during registration. Go to your Sporcle Settings to finish the process.

Report this User

Report this user for behavior that violates our Community Guidelines.

Details: